LEADER 01207nam a2200313 u 4500 001 000000016432 003 CaOOAMICUS 005 20070226110007.0 008 940513s1988 it u000 u ita u 020 $a884203004X 035 $a10385198 040 $aPUL(R)$bita 100 1 $aLe Goff, Jacques,$d1924-2014.$0(OLS)http://pul/name/469 245 12$aL'immaginario medievale /$cLe Goff. 260 $aRoma :$bLaterza,$c1988. 300 $a232 p. ;$c21 cm 490 1 $aQuadrante ;$v9 504 $aBibliografia in nota. 650 4$aMedioevo$xStoria sociale.$0(OLS)http://pul/subject/11575 650 4$aMedioevo$xCultura.$0(OLS)http://pul/subject/1289 650 4$aEscatologia$yEvo medio.$0(OLS)http://pul/subject/8614 830 0$aQuadrante ;$v9.$0(OLS)http://pul/title/12896 850 $aPUL 852 $aPUL$W1$xDP1 Cons. Gen., Altre Classi 1$y22$m780 C 51$j23135$nBK-PRI$b $qStampati$B23135$CPULBib$Z2$F23135 $H $81 941 1 $a8 961 $aINV: 71967 996 $6020$a884203004X$9(OLS)http://pul/number/21073 996 $6245$aL'immaginario medievale$9(OLS)http://pul/title/23457 996 $6260$aRoma :$bLaterza$9(OLS)http://pul/publisher/47864 LEADER 00948nam a2200229 u 4500 001 000000083421 003 CaOOAMICUS 005 20070226123952.0 008 050505s1909 fr u000 u fre u 035 $a11045139 040 $aPUL(R)$bita 100 0 $aJoF9uon, P.$0(OLS)http://pul/name/55201 245 13$aLe Cantique des Cantiques :$bcommentaire philologique et exégétique /$cP. JoF9uon. 250 $a2eme ed. 260 $aParis :$bG. Becuchesne,$c1909. 300 $aviii, 334 p. ;$c20 cm 630 04$aBiblia.$pV.T.$pCanticum canticorum.$0(OLS)http://pul/subject/7949 850 $aPUL 852 $aPUL$W1$xDP1 Fondo Cecchetti$y53$m265 C 35$j106151$nBK-PRI$b $qFondi$B106151$CPULBib$Z2$F106151 $HPUL1141 $81 941 1 $a1 996 $6245$aLe Cantique des Cantiques :$bcommentaire philologique et exégétique$9(OLS)http://pul/title/108751 996 $6260$aParis :$bG. Becuchesne$9(OLS)http://pul/publisher/76558